[Event "Winnipeg TNT July op"]
[Site "Winnipeg CAN"]
[Date "2005.07.05"]
[Round "1"]
[White "Milord, Frank"]
[Black "Cleto, Sam"]
[Result "0-1"]
[WhiteElo "1589"]
[BlackElo "1808"]
[PlyCount "56"]
[GameId "2160767910967818"]
[EventDate "2005.07.05"]
[EventType "swiss"]
[EventRounds "4"]
[EventCountry "CAN"]
[SourceTitle "EXT 2022"]
[Source "ChessBase"]
[SourceDate "2021.10.06"]
[SourceVersion "1"]
[SourceVersionDate "2021.10.06"]
[SourceQuality "1"]

1. e4 g6 2. d4 Bg7 3. Nc3 d6 4. Be2 Nf6 5. Nf3 O-O 6. a4 c6 7. O-O Bg4 8. Be3 Nbd7 9. a5 Qc7 10. Qd2 a6 11. Bh6 d5 12. Bxg7 Kxg7 13. h3 Bxf3 14. Bxf3 dxe4 15. Bxe4 Rad8 16. Qe3 Rfe8 17. Ne2 e5 18. Ng3 exd4 19. Qxd4 Ne5 20. Qc3 h5 21. f4 Ned7 22. f5 h4 23. fxg6 Qxg3 24. Rf3 Qe5 25. gxf7 Re7 26. Bf5 Qxc3 27. f8=Q+ Rxf8 28. Rxc3 Nd5 0-1

[Event "Winnipeg TNT July op"]
[Site "Winnipeg CAN"]
[Date "2005.07.05"]
[Round "1"]
[White "Proulx, Roy"]
[Black "Reimer, Bruce"]
[Result "1-0"]
[WhiteElo "1762"]
[BlackElo "1461"]
[PlyCount "49"]
[GameId "2160767910967819"]
[EventDate "2005.07.05"]
[EventType "swiss"]
[EventRounds "4"]
[EventCountry "CAN"]
[SourceTitle "EXT 2022"]
[Source "ChessBase"]
[SourceDate "2021.10.06"]
[SourceVersion "1"]
[SourceVersionDate "2021.10.06"]
[SourceQuality "1"]

1. d4 Nf6 2. Nf3 e6 3. Bg5 h6 4. Bh4 g5 5. Bg3 Nh5 6. e3 Nxg3 7. hxg3 Bg7 8. Bd3 d6 9. Nbd2 b6 10. c3 Bb7 11. e4 Nd7 12. Qe2 Qe7 13. e5 g4 14. Nh4 h5 15. f4 dxe5 16. dxe5 O-O-O 17. b4 Nf8 18. a4 f6 19. a5 fxe5 20. axb6 axb6 21. fxe5 Bh6 22. Ne4 Qd7 23. Ba6 Qc6 24. b5 Bxa6 25. bxc6 1-0

[Event "Winnipeg TNT July op"]
[Site "Winnipeg CAN"]
[Date "2005.07.12"]
[Round "2"]
[White "Babb, Jeff"]
[Black "Proulx, Roy"]
[Result "1-0"]
[WhiteElo "2151"]
[BlackElo "1762"]
[PlyCount "45"]
[GameId "2160767910967820"]
[EventDate "2005.07.05"]
[EventType "swiss"]
[EventRounds "4"]
[EventCountry "CAN"]
[SourceTitle "EXT 2022"]
[Source "ChessBase"]
[SourceDate "2021.10.06"]
[SourceVersion "1"]
[SourceVersionDate "2021.10.06"]
[SourceQuality "1"]

1. d4 d5 2. c4 e6 3. Nc3 Nf6 4. Bg5 Be7 5. e3 O-O 6. Bxf6 Bxf6 7. cxd5 exd5 8. Bd3 Re8 9. Nge2 c6 10. Qc2 h6 11. O-O Nd7 12. b4 Nf8 13. b5 Qd6 14. bxc6 bxc6 15. Na4 Ne6 16. Rfc1 Bd7 17. Nc5 Rab8 18. Nxd7 Qxd7 19. Qxc6 Qxc6 20. Rxc6 Rb2 21. Rc2 Rxc2 22. Bxc2 Rc8 23. Bb3 1-0

[Event "Winnipeg TNT July op"]
[Site "Winnipeg CAN"]
[Date "2005.07.12"]
[Round "2"]
[White "Bist, Kent"]
[Black "Van Wyk, Joseph"]
[Result "0-1"]
[WhiteElo "1579"]
[BlackElo "1901"]
[PlyCount "92"]
[GameId "2160767910967821"]
[EventDate "2005.07.05"]
[EventType "swiss"]
[EventRounds "4"]
[EventCountry "CAN"]
[SourceTitle "EXT 2022"]
[Source "ChessBase"]
[SourceDate "2021.10.06"]
[SourceVersion "1"]
[SourceVersionDate "2021.10.06"]
[SourceQuality "1"]

1. c4 e6 2. d4 d5 3. Nc3 c5 4. e3 Nc6 5. Nf3 Nf6 6. Be2 a6 7. b3 dxc4 8. bxc4 cxd4 9. exd4 Bb4 10. Bb2 Qa5 11. Qb3 Ne4 12. Rc1 O-O 13. O-O Nxc3 14. Bxc3 Bxc3 15. Rxc3 Rd8 16. Rd1 b5 17. a3 bxc4 18. Rxc4 Rb8 19. Qc2 Ne7 20. Rc7 Nd5 21. Rc5 Qxa3 22. Rb1 Rxb1+ 23. Qxb1 Nc3 24. Qc2 Nxe2+ 25. Qxe2 Bb7 26. h3 Bxf3 27. Qxf3 Qa1+ 28. Kh2 Qxd4 29. Ra5 Qd6+ 30. Kg1 Qd1+ 31. Qxd1 Rxd1+ 32. Kh2 Rd6 33. Kg3 Kf8 34. Kf4 Ke7 35. Ke3 Kd7 36. g4 Kc7 37. Rc5+ Rc6 38. Rh5 h6 39. Kd4 Kb6 40. f4 a5 41. Re5 a4 42. Re2 Ka5 43. Ra2 Kb4 44. Kd3 Kb3 45. Ra1 Rd6+ 46. Ke2 a3 0-1

[Event "Winnipeg TNT July op"]
[Site "Winnipeg CAN"]
[Date "2005.07.12"]
[Round "2"]
[White "Evans, Rick"]
[Black "Bist, Jordan"]
[Result "1-0"]
[WhiteElo "1867"]
[BlackElo "1215"]
[PlyCount "77"]
[GameId "2160767910967822"]
[EventDate "2005.07.05"]
[EventType "swiss"]
[EventRounds "4"]
[EventCountry "CAN"]
[SourceTitle "EXT 2022"]
[Source "ChessBase"]
[SourceDate "2021.10.06"]
[SourceVersion "1"]
[SourceVersionDate "2021.10.06"]
[SourceQuality "1"]

1. d4 d5 2. c4 Nf6 3. Nc3 Nc6 4. Nf3 e6 5. Bg5 Be7 6. e3 Ne4 7. Bxe7 Qxe7 8. cxd5 Nxc3 9. bxc3 exd5 10. Qb3 O-O 11. Qxd5 Rd8 12. Qb3 Bg4 13. Be2 Bxf3 14. Bxf3 a5 15. Qxb7 Nxd4 16. cxd4 Rab8 17. Qc6 Rxd4 18. O-O Rd6 19. Qc5 c6 20. Qxa5 Rh6 21. Rfd1 g6 22. Bxc6 Rc8 23. Rac1 Qh4 24. h3 Rh5 25. Qa6 Rd8 26. Rxd8+ Qxd8 27. Qa8 Qxa8 28. Bxa8 Ra5 29. Rc8+ Kg7 30. Rb8 Rxa2 31. Bd5 Ra1+ 32. Kh2 Rd1 33. e4 Rd2 34. Kg3 h5 35. Rb7 h4+ 36. Kxh4 Rxf2 37. Rxf7+ Rxf7 38. Bxf7 Kxf7 39. Kg5 1-0

[Event "Winnipeg TNT July op"]
[Site "Winnipeg CAN"]
[Date "2005.07.12"]
[Round "2"]
[White "Reimer, Bruce"]
[Black "Harding, Mike"]
[Result "1-0"]
[WhiteElo "1461"]
[BlackElo "1703"]
[PlyCount "75"]
[GameId "2160767910967823"]
[EventDate "2005.07.05"]
[EventType "swiss"]
[EventRounds "4"]
[EventCountry "CAN"]
[SourceTitle "EXT 2022"]
[Source "ChessBase"]
[SourceDate "2021.10.06"]
[SourceVersion "1"]
[SourceVersionDate "2021.10.06"]
[SourceQuality "1"]

1. c4 Nf6 2. g3 d6 3. Bg2 g6 4. Nc3 Bg7 5. e4 O-O 6. Nge2 Nbd7 7. O-O Ne5 8. d3 c5 9. f4 Nc6 10. h3 Bd7 11. Kh2 Rb8 12. Be3 a6 13. d4 e5 14. fxe5 dxe5 15. dxc5 Qe7 16. Nd5 Nxd5 17. cxd5 Nd8 18. a3 f5 19. exf5 gxf5 20. Qb3 Qf7 21. Rab1 Bb5 22. Qd1 e4 23. b4 Bd3 24. Nf4 Bxb1 25. Qxb1 Be5 26. Qd1 Kh8 27. Bd4 Bxd4 28. Qxd4+ Qg7 29. Qxg7+ Kxg7 30. g4 e3 31. d6 fxg4 32. hxg4 e2 33. Nxe2 Rxf1 34. Bxf1 Nc6 35. Bg2 Re8 36. Bxc6 bxc6 37. Nd4 Rc8 38. Nxc6 1-0

[Event "Winnipeg TNT July op"]
[Site "Winnipeg CAN"]
[Date "2005.07.12"]
[Round "2"]
[White "Zhou, Lu"]
[Black "Khedkar, Jay S"]
[Result "0-1"]
[WhiteElo "1757"]
[BlackElo "1904"]
[PlyCount "59"]
[GameId "2160767910967824"]
[EventDate "2005.07.05"]
[EventType "swiss"]
[EventRounds "4"]
[EventCountry "CAN"]
[SourceTitle "EXT 2022"]
[Source "ChessBase"]
[SourceDate "2021.10.06"]
[SourceVersion "1"]
[SourceVersionDate "2021.10.06"]
[SourceQuality "1"]

1. d4 Nf6 2. c4 e6 3. Nf3 b6 4. g3 Bb7 5. Bg2 Be7 6. Nc3 Ne4 7. O-O Nxc3 8. bxc3 O-O 9. Bf4 d6 10. Qa4 Nd7 11. Rac1 c5 12. Rfd1 Qc7 13. h3 Be4 14. g4 Rad8 15. d5 e5 16. Bh2 f5 17. Ne1 Bxg2 18. Nxg2 fxg4 19. hxg4 Bg5 20. Rb1 Nf6 21. f3 h5 22. e3 hxg4 23. f4 Nh5 24. fxg5 g3 25. Rf1 Qe7 26. Qc2 Qxg5 27. Qe4 gxh2+ 28. Kxh2 Ng3 29. Rxf8+ Rxf8 30. Qh4 0-1

[Event "Winnipeg TNT July op"]
[Site "Winnipeg CAN"]
[Date "2005.07.19"]
[Round "3"]
[White "Essery, Richard"]
[Black "Milord, Frank"]
[Result "1-0"]
[WhiteElo "1710"]
[BlackElo "1589"]
[PlyCount "63"]
[GameId "2160767910967825"]
[EventDate "2005.07.05"]
[EventType "swiss"]
[EventRounds "4"]
[EventCountry "CAN"]
[SourceTitle "EXT 2022"]
[Source "ChessBase"]
[SourceDate "2021.10.06"]
[SourceVersion "1"]
[SourceVersionDate "2021.10.06"]
[SourceQuality "1"]

1. Nf3 Nf6 2. d4 d5 3. c4 e6 4. Bg5 c6 5. e3 Nbd7 6. Bd3 Bb4+ 7. Nbd2 h6 8. Bh4 g5 9. Bg3 dxc4 10. Bxc4 Ne4 11. O-O Nxg3 12. fxg3 g4 13. Ne1 Qg5 14. Nc2 Bxd2 15. Qxd2 Nf8 16. Qf2 f5 17. Rae1 Bd7 18. e4 O-O-O 19. exf5 Qxf5 20. Qe2 Qg5 21. b4 Re8 22. Ne3 e5 23. d5 Kb8 24. dxc6 Bxc6 25. Rf5 Qd8 26. Rd1 Qb6 27. b5 Be4 28. Rf7 Ne6 29. Kh1 Nd4 30. Qxg4 Nc2 31. Qxe4 Nxe3 32. Rdd7 1-0

[Event "Winnipeg TNT July op"]
[Site "Winnipeg CAN"]
[Date "2005.07.19"]
[Round "3"]
[White "Gibbons, Lorne"]
[Black "Bist, Jordan"]
[Result "1-0"]
[WhiteElo "1324"]
[BlackElo "1215"]
[PlyCount "41"]
[GameId "2160767910967826"]
[EventDate "2005.07.05"]
[EventType "swiss"]
[EventRounds "4"]
[EventCountry "CAN"]
[SourceTitle "EXT 2022"]
[Source "ChessBase"]
[SourceDate "2021.10.06"]
[SourceVersion "1"]
[SourceVersionDate "2021.10.06"]
[SourceQuality "1"]

1. d4 Nf6 2. Bf4 d6 3. Nf3 Nbd7 4. c4 c6 5. Nc3 Qc7 6. e4 e5 7. dxe5 dxe5 8. Bg3 Qb6 9. Qd2 Nxe4 10. Nxe4 Bb4 11. Nc3 Nc5 12. Qe3 e4 13. Nd2 O-O 14. Be2 Rd8 15. O-O Nd3 16. Ncxe4 Nxf2 17. Bxf2 Bxd2 18. Qxb6 axb6 19. Rfd1 Bg5 20. Nxg5 Rxd1+ 21. Rxd1 1-0

[Event "Winnipeg TNT July op"]
[Site "Winnipeg CAN"]
[Date "2005.07.19"]
[Round "3"]
[White "Harding, Mike"]
[Black "Trueman, Francis"]
[Result "1-0"]
[WhiteElo "1703"]
[BlackElo "1401"]
[PlyCount "75"]
[GameId "2160767910967827"]
[EventDate "2005.07.05"]
[EventType "swiss"]
[EventRounds "4"]
[EventCountry "CAN"]
[SourceTitle "EXT 2022"]
[Source "ChessBase"]
[SourceDate "2021.10.06"]
[SourceVersion "1"]
[SourceVersionDate "2021.10.06"]
[SourceQuality "1"]

1. Nf3 Nc6 2. g3 e5 3. d3 Bc5 4. Bg2 d5 5. O-O d4 6. c3 Nf6 7. Nbd2 O-O 8. Nc4 Re8 9. b4 Bf8 10. b5 Ne7 11. Ncxe5 dxc3 12. Ng5 Be6 13. Nxe6 fxe6 14. Qb3 Ned5 15. e4 Nb6 16. Bh3 Qe7 17. a4 Nbd7 18. Ba3 c5 19. bxc6 Nc5 20. Qxc3 b6 21. Qc4 Kh8 22. Rfe1 Qc7 23. Bxc5 Bxc5 24. d4 Bd6 25. f4 Qe7 26. Nf3 Nh5 27. Ng5 Bxf4 28. Nxe6 Bh6 29. e5 Qf7 30. d5 Qg6 31. Qe4 Qf7 32. Rf1 Qg8 33. Nc7 Nf6 34. Rxf6 gxf6 35. Nxe8 Rxe8 36. Be6 Qg7 37. exf6 Qxf6 38. Rf1 1-0

[Event "Winnipeg TNT July op"]
[Site "Winnipeg CAN"]
[Date "2005.07.19"]
[Round "3"]
[White "Khedkar, Jay S"]
[Black "Babb, Jeff"]
[Result "0-1"]
[WhiteElo "1904"]
[BlackElo "2151"]
[PlyCount "42"]
[GameId "2160767910967828"]
[EventDate "2005.07.05"]
[EventType "swiss"]
[EventRounds "4"]
[EventCountry "CAN"]
[SourceTitle "EXT 2022"]
[Source "ChessBase"]
[SourceDate "2021.10.06"]
[SourceVersion "1"]
[SourceVersionDate "2021.10.06"]
[SourceQuality "1"]

1. d4 Nf6 2. c4 c5 3. Nf3 cxd4 4. Nxd4 e6 5. g3 Qb6 6. Nc3 Bb4 7. Bg2 O-O 8. Qd3 Nc6 9. Nxc6 bxc6 10. e4 Ng4 11. O-O Ne5 12. Qc2 Nxc4 13. Nd5 exd5 14. exd5 Ba6 15. Bf4 Bd6 16. b3 Na3 17. Qd2 Bxf4 18. Qxf4 Nc2 19. dxc6 Bxf1 20. Rxf1 Nd4 21. Qg4 dxc6 0-1

[Event "Winnipeg TNT July op"]
[Site "Winnipeg CAN"]
[Date "2005.07.19"]
[Round "3"]
[White "Oberton, Daniel"]
[Black "Bist, Kent"]
[Result "1-0"]
[WhiteElo "1628"]
[BlackElo "1579"]
[PlyCount "61"]
[GameId "2160767910967829"]
[EventDate "2005.07.05"]
[EventType "swiss"]
[EventRounds "4"]
[EventCountry "CAN"]
[SourceTitle "EXT 2022"]
[Source "ChessBase"]
[SourceDate "2021.10.06"]
[SourceVersion "1"]
[SourceVersionDate "2021.10.06"]
[SourceQuality "1"]

1. e4 e5 2. f4 exf4 3. Nf3 g5 4. h3 f6 5. Bc4 d6 6. O-O h5 7. b3 g4 8. hxg4 hxg4 9. Nd4 f5 10. Qe1 Qf6 11. Bb2 Qh6 12. exf5+ Ne7 13. Kf2 g3+ 14. Ke2 Qh5+ 15. Nf3 Rh6 16. f6 Nd5 17. Kd1+ Kd8 18. Bxd5 Qxd5 19. Nc3 Qh5 20. Ne4 Bg4 21. Kc1 Nd7 22. Nfg5 Ne5 23. Rxf4 Qh1 24. Rf1 Qxg2 25. Bxe5 dxe5 26. Ne6+ Ke8 27. Ng7+ Bxg7 28. f7+ Kf8 29. Kb2 Rd8 30. d3 Rxd3 31. Qb4+ 1-0

[Event "Winnipeg TNT July op"]
[Site "Winnipeg CAN"]
[Date "2005.07.19"]
[Round "3"]
[White "Van Wyk, Joseph"]
[Black "Cleto, Sam"]
[Result "1-0"]
[WhiteElo "1901"]
[BlackElo "1808"]
[PlyCount "61"]
[GameId "2160767910967830"]
[EventDate "2005.07.05"]
[EventType "swiss"]
[EventRounds "4"]
[EventCountry "CAN"]
[SourceTitle "EXT 2022"]
[Source "ChessBase"]
[SourceDate "2021.10.06"]
[SourceVersion "1"]
[SourceVersionDate "2021.10.06"]
[SourceQuality "1"]

1. e4 e5 2. Nf3 Nc6 3. d4 exd4 4. c3 Nf6 5. e5 Ng4 6. cxd4 Bb4+ 7. Nc3 O-O 8. Bd3 d6 9. h3 Nh6 10. Bxh6 gxh6 11. Qc2 dxe5 12. dxe5 f5 13. O-O-O Qe8 14. Nd5 Qf7 15. Nf4 Qe7 16. a3 Ba5 17. e6 Qd6 18. g3 Nd4 19. Nxd4 Qxd4 20. Bxf5 Qg7 21. Nd5 Qg5+ 22. f4 Qg7 23. e7 Re8 24. Bxh7+ Kh8 25. Bg6 Be6 26. Bxe8 Rxe8 27. Qe4 Bf7 28. f5 c6 29. Nf4 Ba2 30. Rd6 Rxe7 31. Qxe7 1-0

[Event "Winnipeg TNT July op"]
[Site "Winnipeg CAN"]
[Date "2005.07.19"]
[Round "3"]
[White "Zhou, Lu"]
[Black "Evans, Rick"]
[Result "1-0"]
[WhiteElo "1757"]
[BlackElo "1867"]
[PlyCount "55"]
[GameId "2160767910967831"]
[EventDate "2005.07.05"]
[EventType "swiss"]
[EventRounds "4"]
[EventCountry "CAN"]
[SourceTitle "EXT 2022"]
[Source "ChessBase"]
[SourceDate "2021.10.06"]
[SourceVersion "1"]
[SourceVersionDate "2021.10.06"]
[SourceQuality "1"]

1. e4 e6 2. d4 d5 3. Nc3 Nf6 4. e5 Nfd7 5. f4 c5 6. Nf3 Nc6 7. Be3 a6 8. Qd2 b5 9. Be2 Qb6 10. O-O-O cxd4 11. Bxd4 Nxd4 12. Nxd4 Nc5 13. Bf3 Bb7 14. f5 b4 15. Nce2 a5 16. fxe6 fxe6 17. Rhf1 Rc8 18. Bg4 b3 19. axb3 Nxb3+ 20. Nxb3 Qxb3 21. Nc3 Qc4 22. Bxe6 Bb4 23. Bxc8 Bxc8 24. Qxd5 Qc7 25. Nb5 Qe7 26. Nd6+ Bxd6 27. exd6 Qe3+ 28. Kb1 1-0

[Event "Winnipeg TNT July op"]
[Site "Winnipeg CAN"]
[Date "2005.07.26"]
[Round "4"]
[White "Babb, Jeff"]
[Black "Van Wyk, Joseph"]
[Result "1-0"]
[WhiteElo "2151"]
[BlackElo "1901"]
[PlyCount "63"]
[GameId "2160767910967832"]
[EventDate "2005.07.05"]
[EventType "swiss"]
[EventRounds "4"]
[EventCountry "CAN"]
[SourceTitle "EXT 2022"]
[Source "ChessBase"]
[SourceDate "2021.10.06"]
[SourceVersion "1"]
[SourceVersionDate "2021.10.06"]
[SourceQuality "1"]

1. e4 e5 2. Nc3 Bc5 3. Bc4 Nf6 4. d3 d6 5. f4 Ng4 6. f5 Qh4+ 7. g3 Bf2+ 8. Kf1 Qh5 9. h3 Bxg1 10. Kxg1 Nf6 11. Qxh5 Nxh5 12. Nd5 Kd8 13. g4 Nf6 14. Nxf6 gxf6 15. Bxf7 Nc6 16. Bh6 Ke7 17. Bh5 Rg8 18. Kf2 Bd7 19. c3 Nd8 20. Rhg1 Be8 21. Bxe8 Kxe8 22. h4 Nf7 23. Be3 h6 24. Rg2 Kd7 25. Rag1 Rg7 26. g5 hxg5 27. hxg5 fxg5 28. Bxg5 Rag8 29. Bf6 Rxg2+ 30. Rxg2 Rxg2+ 31. Kxg2 d5 32. Kf3 1-0

[Event "Winnipeg TNT July op"]
[Site "Winnipeg CAN"]
[Date "2005.07.26"]
[Round "4"]
[White "Bist, Jordan"]
[Black "Harding, Mike"]
[Result "0-1"]
[WhiteElo "1215"]
[BlackElo "1703"]
[PlyCount "82"]
[GameId "2160767910967833"]
[EventDate "2005.07.05"]
[EventType "swiss"]
[EventRounds "4"]
[EventCountry "CAN"]
[SourceTitle "EXT 2022"]
[Source "ChessBase"]
[SourceDate "2021.10.06"]
[SourceVersion "1"]
[SourceVersionDate "2021.10.06"]
[SourceQuality "1"]

1. e4 c5 2. f4 Qc7 3. g3 d6 4. Nf3 Nc6 5. Nc3 a6 6. d3 Nf6 7. Be3 b5 8. Qd2 Bg4 9. Bg2 g6 10. e5 b4 11. exf6 bxc3 12. Qxc3 e6 13. h3 Bxf3 14. Bxf3 Rc8 15. O-O-O Nb4 16. Kb1 d5 17. Qb3 Qd7 18. g4 a5 19. a3 a4 20. Qc3 d4 21. Qe1 dxe3 22. axb4 Qd4 23. Rf1 cxb4 24. Rc1 a3 25. c3 Qxd3+ 26. Ka1 bxc3 27. bxc3 Bb4 28. Be2 Bxc3+ 29. Rxc3 Qxc3+ 30. Qxc3 Rxc3 31. Rd1 O-O 32. h4 Rfc8 33. Bd3 Rd8 34. Rb1 Rcxd3 35. Ka2 e2 36. f5 Rd1 37. Rb7 e1=Q 38. Kxa3 Qa5+ 39. Kb3 Rb1+ 40. Kc2 Rxb7 41. fxg6 Qc5# 0-1

[Event "Winnipeg TNT July op"]
[Site "Winnipeg CAN"]
[Date "2005.07.26"]
[Round "4"]
[White "Cleto, Sam"]
[Black "Zhou, Lu"]
[Result "0-1"]
[WhiteElo "1808"]
[BlackElo "1757"]
[PlyCount "60"]
[GameId "2160767910967834"]
[EventDate "2005.07.05"]
[EventType "swiss"]
[EventRounds "4"]
[EventCountry "CAN"]
[SourceTitle "EXT 2022"]
[Source "ChessBase"]
[SourceDate "2021.10.06"]
[SourceVersion "1"]
[SourceVersionDate "2021.10.06"]
[SourceQuality "1"]

1. c4 e6 2. Nc3 d5 3. d4 Nf6 4. cxd5 exd5 5. Bg5 Be7 6. e3 Bf5 7. Bb5+ c6 8. Bd3 Bxd3 9. Qxd3 O-O 10. Nge2 Nbd7 11. O-O Re8 12. f3 b5 13. a3 Nb6 14. b3 a5 15. Kh1 Nh5 16. Bf4 Nxf4 17. Nxf4 Bg5 18. Rae1 Bxf4 19. exf4 Qd6 20. Re5 f6 21. Rh5 g6 22. Rh4 Qxa3 23. Nd1 Qe7 24. Nf2 Qe2 25. Qb1 a4 26. Ng4 Nd7 27. Rh6 f5 28. Ne5 Nxe5 29. fxe5 axb3 30. g4 Ra2 0-1

[Event "Winnipeg TNT July op"]
[Site "Winnipeg CAN"]
[Date "2005.07.26"]
[Round "4"]
[White "Essery, Richard"]
[Black "Khedkar, Jay S"]
[Result "0-1"]
[WhiteElo "1710"]
[BlackElo "1904"]
[PlyCount "66"]
[GameId "2160767910967835"]
[EventDate "2005.07.05"]
[EventType "swiss"]
[EventRounds "4"]
[EventCountry "CAN"]
[SourceTitle "EXT 2022"]
[Source "ChessBase"]
[SourceDate "2021.10.06"]
[SourceVersion "1"]
[SourceVersionDate "2021.10.06"]
[SourceQuality "1"]

1. e4 c5 2. f4 Nc6 3. Nf3 e6 4. d4 cxd4 5. Nxd4 Nf6 6. Nc3 d6 7. Be2 Qc7 8. O-O Be7 9. Kh1 a6 10. Be3 Bd7 11. a3 b5 12. Bf3 Rc8 13. Rc1 Na5 14. Be2 Nc4 15. Bxc4 Qxc4 16. Qd3 Ng4 17. Bd2 Bf6 18. Qxc4 Rxc4 19. Nf3 Bc6 20. h3 h5 21. hxg4 hxg4+ 22. Kg1 gxf3 23. gxf3 Bd4+ 24. Kg2 Rc5 25. Rh1 Rch5 26. Rxh5 Rxh5 27. Rh1 Rxh1 28. Kxh1 f5 29. b3 g6 30. Ne2 Bb2 31. Bb4 fxe4 32. c3 exf3 33. Nd4 f2+ 0-1

[Event "Winnipeg TNT July op"]
[Site "Winnipeg CAN"]
[Date "2005.07.26"]
[Round "4"]
[White "Evans, Rick"]
[Black "Reimer, Bruce"]
[Result "1-0"]
[WhiteElo "1867"]
[BlackElo "1461"]
[PlyCount "71"]
[GameId "2160767910967836"]
[EventDate "2005.07.05"]
[EventType "swiss"]
[EventRounds "4"]
[EventCountry "CAN"]
[SourceTitle "EXT 2022"]
[Source "ChessBase"]
[SourceDate "2021.10.06"]
[SourceVersion "1"]
[SourceVersionDate "2021.10.06"]
[SourceQuality "1"]

1. d4 Nf6 2. c4 e6 3. Nc3 Bb4 4. Qb3 Bxc3+ 5. Qxc3 Ne4 6. Qc2 f5 7. Nh3 O-O 8. f3 Nf6 9. e3 b6 10. Bd3 Nc6 11. Bd2 a5 12. a3 Ba6 13. O-O Qe7 14. b3 Rac8 15. Nf2 Qf7 16. Bc3 Ne7 17. e4 Nh5 18. g3 Qg6 19. Nh3 h6 20. Kh1 Nf6 21. Nf4 Qh7 22. e5 Ne8 23. b4 axb4 24. axb4 Bb7 25. Ra7 Rb8 26. Qa4 g5 27. Ng2 Nc8 28. Ne3 Nxa7 29. Qxa7 Ng7 30. d5 Nh5 31. g4 Nf4 32. Bc2 Qf7 33. gxf5 exd5 34. Ng4 Qg7 35. f6 Qh8 36. e6 1-0

[Event "Winnipeg TNT July op"]
[Site "Winnipeg CAN"]
[Date "2005.07.26"]
[Round "4"]
[White "Proulx, Roy"]
[Black "Oberton, Daniel"]
[Result "1-0"]
[WhiteElo "1762"]
[BlackElo "1628"]
[PlyCount "65"]
[GameId "2160767910967837"]
[EventDate "2005.07.05"]
[EventType "swiss"]
[EventRounds "4"]
[EventCountry "CAN"]
[SourceTitle "EXT 2022"]
[Source "ChessBase"]
[SourceDate "2021.10.06"]
[SourceVersion "1"]
[SourceVersionDate "2021.10.06"]
[SourceQuality "1"]

1. d4 Nf6 2. Nf3 g6 3. e3 Bg7 4. Bd3 d6 5. Nbd2 O-O 6. O-O Re8 7. e4 Nbd7 8. Re1 c5 9. c3 a6 10. Nf1 Nb6 11. h3 e6 12. Bg5 h6 13. Bh4 g5 14. Bg3 cxd4 15. cxd4 Nh7 16. e5 dxe5 17. Nxe5 f5 18. Qh5 Rf8 19. Rad1 Nd7 20. Bc4 Nxe5 21. Bxe5 Bxe5 22. Rxe5 Qf6 23. Rde1 Qg7 24. Bxe6+ Bxe6 25. Rxe6 Nf6 26. Qe2 Nd5 27. Qc4 Rfd8 28. Re7 Qf6 29. R7e5 b5 30. Qb3 Qf7 31. Ng3 f4 32. Nf5 Kh7 33. Ne7 1-0

[Event "Winnipeg TNT June op"]
[Site "Winnipeg CAN"]
[Date "2005.06.07"]
[Round "1"]
[White "Anderson, George"]
[Black "Zaczek, Jonathon"]
[Result "0-1"]
[WhiteElo "1477"]
[BlackElo "1991"]
[PlyCount "40"]
[GameId "2160767910968024"]
[EventDate "2005.06.07"]
[EventType "swiss"]
[EventRounds "4"]
[EventCountry "CAN"]
[SourceTitle "EXT 2007"]
[Source "ChessBase"]
[SourceDate "2006.11.23"]
[SourceVersion "1"]
[SourceVersionDate "2006.11.23"]
[SourceQuality "1"]

1. e4 d5 2. exd5 Qxd5 3. c4 Qa5 4. Nc3 Nc6 5. Qa4 Qxa4 6. Nxa4 Nb4 7. Kd1 Bf5 8. d3 Nxd3 9. Bxd3 Bxd3 10. Bf4 O-O-O 11. Nf3 f6 12. c5 Bb5+ 13. Kc2 Bxa4+ 14. b3 Bc6 15. b4 e5 16. Be3 Ba4+ 17. Kc3 Ne7 18. Kc4 a6 19. Nd2 Nd5 20. Nb3 Bb5# 0-1

[Event "Winnipeg TNT June op"]
[Site "Winnipeg CAN"]
[Date "2005.06.07"]
[Round "1"]
[White "Babb, Jeff"]
[Black "Lafreniere, Adrian"]
[Result "1-0"]
[WhiteElo "2151"]
[BlackElo "1711"]
[PlyCount "71"]
[GameId "2160767910968025"]
[EventDate "2005.06.07"]
[EventType "swiss"]
[EventRounds "4"]
[EventCountry "CAN"]
[SourceTitle "EXT 2007"]
[Source "ChessBase"]
[SourceDate "2006.11.23"]
[SourceVersion "1"]
[SourceVersionDate "2006.11.23"]
[SourceQuality "1"]

1. e4 e6 2. d3 b6 3. g3 Bb7 4. Bg2 Nf6 5. Nf3 c5 6. O-O Nc6 7. Re1 e5 8. Bg5 d6 9. Nc3 Be7 10. a3 Nd4 11. Nxd4 cxd4 12. Bxf6 Bxf6 13. Nd5 Bxd5 14. exd5 O-O 15. c4 g6 16. b4 Rc8 17. a4 a5 18. Rb1 Qc7 19. Re2 Ra8 20. Reb2 Rfb8 21. Qe1 Bd8 22. Bh3 Kg7 23. Qd2 h6 24. Bg4 f5 25. Bf3 Bg5 26. Qe1 axb4 27. Rxb4 Ra6 28. Bd1 Qe7 29. Rb5 h5 30. a5 Qc7 31. h4 Bd8 32. Kg2 Qa7 33. Bf3 Rxa5 34. Qxa5 bxa5 35. Rxb8 Qd7 36. R1b7 1-0

[Event "Winnipeg TNT June op"]
[Site "Winnipeg CAN"]
[Date "2005.06.07"]
[Round "1"]
[White "Cheyne, Andrew"]
[Black "Van Wyk, Joseph"]
[Result "1/2-1/2"]
[WhiteElo "1394"]
[BlackElo "1927"]
[PlyCount "103"]
[GameId "2160767910968026"]
[EventDate "2005.06.07"]
[EventType "swiss"]
[EventRounds "4"]
[EventCountry "CAN"]
[SourceTitle "EXT 2007"]
[Source "ChessBase"]
[SourceDate "2006.11.23"]
[SourceVersion "1"]
[SourceVersionDate "2006.11.23"]
[SourceQuality "1"]

1. e4 c5 2. Nf3 Nc6 3. d4 cxd4 4. Nxd4 d6 5. Nc3 g6 6. Be3 Bg7 7. f3 Qb6 8. Nd5 Qa5+ 9. c3 Nf6 10. b4 Qd8 11. Nf4 O-O 12. Be2 Bd7 13. Nxc6 bxc6 14. O-O a5 15. a3 e5 16. Nd3 Qc7 17. c4 d5 18. cxd5 cxd5 19. Rc1 Qb8 20. Nc5 d4 21. Bd2 axb4 22. Bxb4 Rc8 23. Qd2 Bb5 24. Bxb5 Qxb5 25. Qg5 Nd7 26. Qe7 Nxc5 27. Rxc5 Rxc5 28. Qxc5 Qxc5 29. Bxc5 Bf8 30. Bxf8 Kxf8 31. Ra1 Ke7 32. Kf2 Kd6 33. Ke2 Rc8 34. Kd2 Rc3 35. a4 Kc5 36. a5 Kb5 37. a6 Rc8 38. g3 Ra8 39. a7 Kb6 40. Rb1+ Kxa7 41. Rb5 Re8 42. Kd3 f6 43. Rd5 Re7 44. Rd6 Rf7 45. Re6 g5 46. f4 gxf4 47. gxf4 exf4 48. Kxd4 Kb7 49. Kd3 Kc7 50. Ke2 f5 51. exf5 Rxf5 52. Rh6 1/2-1/2